00281 a2200133 4500001000700000020001800007040001100025100003300036240002700069245002200096300000700118362000900125440001300134183472 a85-262-4406-X cMagnum aCarrascoza, João Anzanello10aA ilha do tesourolpor10aA ilha do tesouro a480 a2004 1aScipione